Statistics for The Froggy Fresh Quiz

Click here to take the quiz!

General Stats

  • This quiz has been taken 28 times
  • The average score is 8 of 17

Answer Stats

HintAnswer% Correct
Silent partnerMoney Maker Mike
82%
Steals bikesJames
76%
His 1st rap nameKrispy Kreme
76%
His favourite wrestlerJohn Cena
71%
Celebrity on the shirt of ^Mac Miller
65%
His real nameTyler Cassidy
65%
Bike Stealer's friendBig Blue
59%
Owns the new Lifetime Basketball HoopKevin
59%
Who the bike stealer killedMike's Mom
53%
Show Froggy Fresh was onTosh.0
47%
Who the stolen bikes were sold toBilly Smith
35%
Bulldog
29%
Album titleMoney Maker Reloaded
29%
Bike Stealer's BodyguardsSnake Eyes
29%
Froggy's most powerful weaponSpinach
29%
ProducerDave
24%
Roommate of ^Mr. Kane
18%

Score Distribution

Percentile by Number Answered

Percent of People with Each Score

Your Score History

You have not taken this quiz